| 000 | 00000nas##2200000za#4500 |
| 001 | 9.509501 |
| 003 | CaOODSP |
| 005 | 20250509081807 |
| 007 | ta |
| 008 | 150406c1991||||xxc|| m #||||f| |0fre|d |
| 022 | |a0068-7650 |
| 040 | |aCaOODSP|bfre |
| 041 | |aeng |
| 041 | |afre |
| 043 | |an-cn--- |
| 086 | 1 |aM44-1E |
| 110 | 2 |aCommission géologique du Canada. |
| 245 | 10|aÉtude |
| 260 | |aOttawa - Ontario : |bÉnergie, Mines et Ressources. |
| 546 | |aAbstracts in English.) Titre et résumés bilingues, textes en anglais |
| 563 | |aCouverture souple |
| 775 | 08|tPaper |w(CaOODSP)9.509498 |
| 775 | 08|tRecherches en cours |w(CaOODSP)9.513127 |
| 791 | |tPaper |eeng|w(CaOODSP)9.509500 |